000 00295nam a22001337a 4500
008 170623b xxu||||| |||| 00| 0 eng d
020 _a978007298931132
041 _aeng
080 _27 ED
_a32
100 _a21
101 _aSHP
245 _aTHE AMERICAN
_cPATTERSO.THE
942 _2udc
_cBK
999 _c19087
_d19087